| 000 | 01113nam a2200193Ii 4500 | ||
|---|---|---|---|
| 003 | JO-AjNU | ||
| 008 | 230605s9999||||xx |||||||||||||| ||und|| | ||
| 040 |
_aJO-AjNU _bara _erda _cJO-AjNU |
||
| 041 | _aara | ||
| 050 | 1 | 4 | _aLA 1493 .J364 2005 |
| 100 | 3 |
_aجامعة عين شمس. مركز تطوير التعليم الجامعي. مؤتمر (ال 12 : 2005 : القاهرة، مصر) , _eauthor _919081 |
|
| 245 | 0 | 0 | _aالمؤتمر القومي السنوي الثاني عشر (العربي الرابع) لمركز تطوير التعليم الجامعي : تطوير أداء الجامعات العربية في ضوء معايير الجودة الشاملة و نظم الاعتماد، 18-19 ديسمبر 2005م |
| 264 | 3 | 1 | _aالقاهره: مركز تطوير التعليم الجامعي،2005 |
| 300 | _a287ص | ||
| 336 |
_atext _btxt _2rdacontent |
||
| 337 |
_aunmediated _bn _2rdamedia |
||
| 338 |
_avolume _bnc _2rdacarrier |
||
| 650 | 4 |
_aالتعليم العالي-العالم العربي-مؤتمرات- الجامعات و الكليات-العالم العربي- مؤتمرات _919082 |
|
| 999 |
_aA6222 _c9790 _d9790 |
||